[Event "XXXIV Open"]
[Site "Barbera del Valles ESP"]
[Date "2011.07.11"]
[Round "8"]
[White "Kashtanov, Ruslan"]
[Black "Ryan, Joe"]
[Result "1-0"]
[WhiteTitle "IM"]
[BlackTitle "FM"]
[WhiteElo "2360"]
[BlackElo "2267"]
[Plycount "73"]
[WhiteFideId "4124871"]
[BlackFideId "2500426"]
[EventDate "2011.07.04"]
[Source "TWIC 871"]

1. e4 e6 2. d4 d5 3. Nd2 Nf6 4. e5 Nfd7 5. f4 c5 6. Ngf3 f5 7. Be2 Nc6 8. Nb3
Be7 9. O-O O-O 10. Kh1 cxd4 11. Nbxd4 Nxd4 12. Nxd4 Nb8 13. Be3 Nc6 14. Nb3 a5
15. a4 b6 16. Bb5 Na7 17. Bd3 Nc6 18. Qe2 Bd7 19. c3 Qc7 20. Rg1 Kh8 21. h3 Rg8
22. g4 g6 23. Qf2 Rab8 24. Kh2 fxg4 25. Rxg4 Nd8 26. Nd4 Nf7 27. Rag1 Nh6 28.
R4g2 Qd8 29. f5 Nxf5 30. Bxf5 exf5 31. e6 Qc7+ 32. Kh1 Bxa4 33. Nxf5 Bf6 34. Bd4
Rgf8 35. e7 Be5 36. exf8=Q+ Rxf8 37. Qf4 1-0

[Event "FSFMB July"]
[Site "Budapest HUN"]
[Date "2011.07.09"]
[Round "7.1"]
[White "Vasilev, Sergey"]
[Black "Breen, Anthony"]
[Result "0-1"]
[WhiteElo "1421"]
[BlackElo "1663"]
[Plycount "73"]
[WhiteFideId "24149993"]
[BlackFideId "2503174"]
[EventDate "2011.07.02"]
[Source "TWIC 871"]

1. Nf3 e6 2. a3 b6 3. b4 f5 4. Bb2 Nf6 5. e3 Be7 6. Nc3 O-O 7. Bc4 Bb7 8. Ne2 d5
9. Bb3 Bd6 10. Ned4 Qe8 11. Ne2 Nbd7 12. Ba4 a6 13. Ned4 b5 14. Bb3 c5 15. bxc5
Nxc5 16. Ba2 Na4 17. Bc1 Rc8 18. Ng5 Qg6 19. Ngxe6 Qxg2 20. Rf1 Rfe8 21. Nxg7
Qxg7 22. Nxf5 Qd7 23. Nxd6 Qxd6 24. Qf3 Qe5 25. Qg3+ Kh8 26. Qxe5 Rxe5 27. d4
Rh5 28. Bb3 Nc3 29. Bd2 Nfe4 30. f3 Nxd2 31. Kxd2 Rxh2+ 32. Kd3 Rc7 33. Rg1 Rh3
34. Rg5 Rxf3 35. Rag1 Rf8 36. R1g2 a5 37. e4 0-1

[Event "FSFMB July"]
[Site "Budapest HUN"]
[Date "2011.07.10"]
[Round "8.1"]
[White "Breen, Anthony"]
[Black "Zsembery, Aron"]
[Result "0-1"]
[WhiteElo "1663"]
[BlackElo "1856"]
[Plycount "32"]
[WhiteFideId "2503174"]
[BlackFideId "708984"]
[EventDate "2011.07.02"]
[Source "TWIC 871"]

1. e4 c6 2. d4 d5 3. e5 Bf5 4. Nf3 e6 5. Be2 Ne7 6. O-O Nd7 7. c3 Qc7 8. Bf4 Ng6
9. Bg3 Be7 10. Nbd2 Qb6 11. b3 Ba3 12. c4 Bb2 13. c5 Qa5 14. Re1 Bxa1 15. Qxa1
O-O 16. b4 Qxb4 0-1

[Event "FSFMB July"]
[Site "Budapest HUN"]
[Date "2011.07.11"]
[Round "9.1"]
[White "Balla, Attila"]
[Black "Breen, Anthony"]
[Result "0-1"]
[WhiteElo "1722"]
[BlackElo "1663"]
[Plycount "84"]
[WhiteFideId "712612"]
[BlackFideId "2503174"]
[EventDate "2011.07.02"]
[Source "TWIC 871"]

1. e4 e6 2. d4 d5 3. e5 c5 4. c3 Nc6 5. Nf3 Bd7 6. Be2 Nge7 7. Na3 cxd4 8. cxd4
Nf5 9. Nc2 Qb6 10. O-O Na5 11. Kh1 Bb5 12. Ne3 Bxe2 13. Qxe2 Nxe3 14. fxe3 h6
15. b3 Rc8 16. Bb2 Be7 17. h3 O-O 18. Rf2 Nc6 19. Nh2 Nb4 20. Raf1 Rc2 21. Qh5
Rxf2 22. Rxf2 Bg5 23. Rf3 f5 24. h4 Bd8 25. Rg3 Kh8 26. Qg6 Qc7 27. Ba3 a5 28.
Qxe6 Bxh4 29. Rg6 Bg5 30. Nf1 f4 31. Bxb4 axb4 32. Qh3 fxe3 33. Ng3 Kg8 34. Nf5
Rxf5 35. Qxf5 Qc1+ 36. Kh2 e2 37. Qe6+ Kh7 38. Rxg7+ Kxg7 39. Qd7+ Kg6 40. Qe8+
Kf5 41. Qd7+ Ke4 42. Qg4+ Qf4+ 0-1

[Event "FSFMB July"]
[Site "Budapest HUN"]
[Date "2011.07.12"]
[Round "10.1"]
[White "Breen, Anthony"]
[Black "Fabian, Laszlo"]
[Result "1/2-1/2"]
[WhiteElo "1663"]
[BlackElo "1728"]
[Plycount "64"]
[WhiteFideId "2503174"]
[BlackFideId "4689003"]
[EventDate "2011.07.02"]
[Source "TWIC 871"]

1. c4 Nf6 2. g3 g6 3. Bg2 Bg7 4. e4 d6 5. Ne2 e5 6. d3 O-O 7. h3 c6 8. Nbc3 Be6
9. O-O Qc8 10. Kh2 Ne8 11. f4 f5 12. fxe5 dxe5 13. exf5 Rxf5 14. Ne4 Nd7 15. Ng5
Nf8 16. Nxe6 Qxe6 17. Nc3 Rd8 18. Be4 Rxf1 19. Qxf1 Qf6 20. Qe2 Ne6 21. Be3 Nd4
22. Bxd4 Rxd4 23. Rf1 Qe7 24. Qf2 Nf6 25. a3 Qd7 26. Kg2 b6 27. g4 Qc7 28. Qf3
Rd6 29. Qg3 Qe7 30. Qf3 Qd7 31. Qg3 Qe7 32. Qf3 Qd7 1/2-1/2

[Event "St Pauli Open"]
[Site "Hamburg GER"]
[Date "2011.07.12"]
[Round "5.40"]
[White "Seidel, Mika"]
[Black "Welsh, Michael"]
[Result "0-1"]
[WhiteElo "1869"]
[BlackElo "2061"]
[Plycount "78"]
[WhiteFideId "24675954"]
[BlackFideId "2501090"]
[EventDate "2011.07.09"]
[Source "TWIC 871"]

1. c4 e5 2. Nc3 Nc6 3. Nf3 Nf6 4. a3 g6 5. d4 exd4 6. Nxd4 Bg7 7. Bg5 h6 8. Bh4
O-O 9. e3 d6 10. Be2 Nxd4 11. Qxd4 Bf5 12. O-O g5 13. Bg3 Ne4 14. Qd5 Nxc3 15.
bxc3 Qc8 16. Rac1 Re8 17. Rfe1 Be4 18. Qd2 b6 19. Qd1 Qb7 20. Bf1 Re7 21. h4
Rae8 22. Qh5 Bg6 23. Qd1 Be5 24. Bxe5 Rxe5 25. h5 Be4 26. Qd4 g4 27. Rcd1 Rxh5
28. Qf6 Qc8 29. Rd4 Qf5 30. Qxf5 Rxf5 31. Red1 Rfe5 32. Bd3 Kg7 33. Kh2 R8e6 34.
Kg3 f5 35. Bxe4 Rxe4 36. Rxe4 Rxe4 37. Rd4 Re5 38. Rd5 Kf6 39. Kf4 Re4+ 0-1

[Event "St Pauli Open"]
[Site "Hamburg GER"]
[Date "2011.07.13"]
[Round "6.25"]
[White "Welsh, Michael"]
[Black "Hein, Ralf"]
[Result "0-1"]
[WhiteElo "2061"]
[BlackElo "2144"]
[Plycount "72"]
[WhiteFideId "2501090"]
[BlackFideId "4682874"]
[EventDate "2011.07.09"]
[Source "TWIC 871"]

1. e4 e5 2. d4 exd4 3. Qxd4 Nc6 4. Qe3 g6 5. Nc3 Bg7 6. Bd2 Nge7 7. O-O-O d6 8.
f4 Bg4 9. Be2 Qd7 10. Nf3 O-O-O 11. h3 Bxf3 12. Bxf3 Kb8 13. Ne2 Rhe8 14. Bc3
Bh6 15. g4 f5 16. g5 Bf8 17. e5 Qe6 18. Kb1 dxe5 19. fxe5 Nd5 20. Bxd5 Rxd5 21.
Nf4 Rxd1+ 22. Rxd1 Qc4 23. b3 Qc5 24. Qxc5 Bxc5 25. Rd7 Re7 26. Rxe7 Nxe7 27.
Ne6 Be3 28. h4 c5 29. Nf8 f4 30. e6 f3 31. Be1 f2 32. Bxf2 Bxf2 33. h5 gxh5 34.
Nxh7 h4 35. Nf8 h3 36. g6 h2 0-1

[Event "St Pauli Open"]
[Site "Hamburg GER"]
[Date "2011.07.14"]
[Round "7.38"]
[White "Powierski, Emil"]
[Black "Welsh, Michael"]
[Result "1/2-1/2"]
[WhiteElo "2019"]
[BlackElo "2061"]
[Plycount "53"]
[WhiteFideId "4656199"]
[BlackFideId "2501090"]
[EventDate "2011.07.09"]
[Source "TWIC 871"]

1. e4 c5 2. Nf3 e6 3. d4 cxd4 4. Nxd4 Nf6 5. Nc3 Nc6 6. Ndb5 Bc5 7. Bf4 O-O 8.
Bc7 Qe7 9. Bd6 Bxd6 10. Qxd6 Ne8 11. Qxe7 Nxe7 12. Rd1 f5 13. Be2 fxe4 14. Nxe4
d5 15. Ned6 Nxd6 16. Nxd6 Rd8 17. Nxc8 Raxc8 18. Rd2 Nf5 19. Bg4 Rc4 20. Bxf5
exf5 21. Ke2 Kf7 22. Rhd1 Ke6 23. c3 a5 24. Rd4 Rxd4 25. Rxd4 Rc8 26. Ke3 Ke5
27. Rd2 1/2-1/2

[Event "98th ch-GBR"]
[Site "Sheffield ENG"]
[Date "2011.07.30"]
[Round "6.7"]
[White "Williams, Simon K"]
[Black "Griffiths, Ryan Rhys"]
[Result "1-0"]
[WhiteTitle "GM"]
[BlackTitle "FM"]
[WhiteElo "2528"]
[BlackElo "2301"]
[Plycount "35"]
[WhiteFideId "404454"]
[BlackFideId "2502054"]
[EventDate "2011.07.25"]
[Source "TWIC 873"]

1. e4 c5 2. c3 d5 3. exd5 Qxd5 4. d4 Nc6 5. Nf3 Bg4 6. Be2 cxd4 7. cxd4 Nf6 8.
Nc3 Qa5 9. h3 Bh5 10. b4 Qxb4 11. Bd2 Qd6 12. Rb1 Qd7 13. d5 Nxd5 14. Nxd5 Qxd5
15. Rxb7 e5 16. Qa4 Rc8 17. Rb5 Qd8 18. Rxe5+ 1-0

[Event "98th ch-GBR"]
[Site "Sheffield ENG"]
[Date "2011.07.30"]
[Round "6.42"]
[White "Hegarty, Sarah N."]
[Black "Pleasants, Allan J"]
[Result "1-0"]
[WhiteTitle "WFM"]
[WhiteElo "2065"]
[BlackElo "2092"]
[Plycount "57"]
[WhiteFideId "2501465"]
[BlackFideId "411337"]
[EventDate "2011.07.25"]
[Source "TWIC 873"]

1. e4 g6 2. d4 Bg7 3. f4 d6 4. Nf3 a6 5. Bc4 e6 6. e5 Ne7 7. O-O b5 8. Bd3 Bb7
9. c3 O-O 10. Nbd2 c5 11. dxc5 dxe5 12. Ne4 Qc7 13. Nxe5 Nbc6 14. Nxc6 Qxc6 15.
Qe2 Rfd8 16. Bc2 Nf5 17. Bd2 Rd7 18. Rad1 Rad8 19. Bc1 Rd5 20. Rd2 Nh4 21. Qf2
Rxd2 22. Bxd2 Nxg2 23. Qxg2 f5 24. Qg5 Qd5 25. Bb3 Qxe4 26. Qxd8+ Bf8 27. c6
Bxc6 28. Bxe6+ Kg7 29. Qd4+ 1-0

[Event "98th ch-GBR"]
[Site "Sheffield ENG"]
[Date "2011.08.01"]
[Round "7.36"]
[White "Lalic, Susan K"]
[Black "Hegarty, Sarah N."]
[Result "1-0"]
[WhiteTitle "IM"]
[BlackTitle "WFM"]
[WhiteElo "2277"]
[BlackElo "2065"]
[Plycount "93"]
[WhiteFideId "401510"]
[BlackFideId "2501465"]
[EventDate "2011.07.25"]
[Source "TWIC 874"]

1. e4 Nf6 2. e5 Nd5 3. d4 d6 4. c4 Nb6 5. exd6 cxd6 6. Nc3 Nc6 7. h3 g6 8. Nf3
Bg7 9. Be2 O-O 10. O-O Bf5 11. Be3 d5 12. c5 Nc4 13. Bc1 Nb4 14. b3 Na5 15. Bf4
Nac6 16. Rc1 Re8 17. a3 Na6 18. b4 Nc7 19. Bxc7 Qxc7 20. b5 Nd8 21. Nxd5 Qd7 22.
Ne3 Be4 23. Ne5 Qc7 24. Bf3 Bxf3 25. Qxf3 Bxe5 26. dxe5 Qxe5 27. Rfe1 Qb2 28. a4
Rc8 29. Rc4 a6 30. bxa6 bxa6 31. c6 Ne6 32. Ng4 Kg7 33. Ne5 Rf8 34. Qe3 Rc7 35.
h4 h5 36. Qe4 Qd2 37. Re2 Qd1+ 38. Kh2 Qd6 39. g3 Nd8 40. Rd4 Qe6 41. Rd7 Rxd7
42. Nxd7 Qxe4 43. Rxe4 Nxc6 44. Nxf8 Kxf8 45. Rc4 Ne5 46. Rc8+ Kg7 47. Ra8 1-0

[Event "98th ch-GBR"]
[Site "Sheffield ENG"]
[Date "2011.08.02"]
[Round "8.12"]
[White "Griffiths, Ryan Rhys"]
[Black "Fan"]
[Result "0-1"]
[WhiteTitle "FM"]
[BlackTitle "IM"]
[WhiteElo "2301"]
[BlackElo "2444"]
[Plycount "82"]
[WhiteFideId "2502054"]
[BlackFideId "468584"]
[EventDate "2011.07.25"]
[Source "TWIC 874"]

1. c4 Nf6 2. g3 g6 3. Bg2 Bg7 4. Nc3 O-O 5. e4 d6 6. Nge2 c5 7. O-O Nc6 8. d3 a6
9. h3 Rb8 10. a4 Ne8 11. Be3 Nc7 12. d4 cxd4 13. Nxd4 Ne6 14. Nde2 Bd7 15. Rb1
Na5 16. b3 b5 17. cxb5 axb5 18. axb5 Bxb5 19. Nxb5 Rxb5 20. b4 Nc4 21. Qd3 Nxe3
22. Qxb5 Nxf1 23. Bxf1 Qc7 24. Qd5 Rb8 25. Rc1 Qa7 26. Rc4 Qa3 27. Qd2 Qb2 28.
Qxb2 Bxb2 29. h4 Ba3 30. Nc3 Bxb4 31. Nd5 Bc5 32. Nxe7+ Kg7 33. Rc2 Nd4 34. Ra2
Re8 35. Nd5 Rxe4 36. Kg2 Nc6 37. Ra6 Rd4 38. Nc3 Nb4 39. Ra4 f5 40. Kf3 Rd2 41.
Be2 Nd3 0-1

[Event "98th ch-GBR"]
[Site "Sheffield ENG"]
[Date "2011.08.02"]
[Round "8.42"]
[White "Hegarty, Sarah N."]
[Black "Phillips, Owen S"]
[Result "1-0"]
[WhiteTitle "WFM"]
[WhiteElo "2065"]
[BlackElo "1967"]
[Plycount "29"]
[WhiteFideId "2501465"]
[BlackFideId "417882"]
[EventDate "2011.07.25"]
[Source "TWIC 874"]

1. e4 e6 2. d4 b6 3. f4 Bb7 4. Bd3 c5 5. c3 Qh4+ 6. g3 Qd8 7. Nf3 Be7 8. Qe2 d6
9. O-O Nd7 10. e5 d5 11. f5 exf5 12. e6 fxe6 13. Qxe6 g6 14. Ng5 Nh6 15. Nxh7 1-0

[Event "98th ch-GBR"]
[Site "Sheffield ENG"]
[Date "2011.08.03"]
[Round "9.33"]
[White "Hegarty, Sarah N."]
[Black "Beaumont, Chris R"]
[Result "1/2-1/2"]
[WhiteTitle "WFM"]
[BlackTitle "IM"]
[WhiteElo "2065"]
[BlackElo "2313"]
[Plycount "68"]
[WhiteFideId "2501465"]
[BlackFideId "400424"]
[EventDate "2011.07.25"]
[Source "TWIC 874"]

1. e4 c5 2. Nf3 g6 3. d4 cxd4 4. Nxd4 Nc6 5. Nc3 Bg7 6. Be3 Nf6 7. Bc4 Qa5 8.
O-O O-O 9. Bb3 d6 10. h3 Bd7 11. f4 Nxd4 12. Bxd4 Bc6 13. Qd3 Rad8 14. Rad1 Nd7
15. Bxg7 Kxg7 16. Kh1 Nc5 17. Qd4+ f6 18. Nd5 e6 19. Nc3 Nxb3 20. axb3 Qc5 21.
b4 Qxd4 22. Rxd4 f5 23. b5 Bxe4 24. Nxe4 fxe4 25. Rxe4 Rc8 26. c3 Rc5 27. b6
axb6 28. Rxe6 Rf6 29. Re7+ Rf7 30. Re6 Rf6 31. Re7+ Rf7 32. Re6 Rd5 33. Rf3 Rc7
34. Rfe3 Kf7 1/2-1/2

[Event "98th ch-GBR"]
[Site "Sheffield ENG"]
[Date "2011.08.03"]
[Round "9.36"]
[White "Magee, Ronan"]
[Black "Jones, William E G"]
[Result "0-1"]
[WhiteElo "1953"]
[BlackElo "2121"]
[Plycount "150"]
[WhiteFideId "2503000"]
[BlackFideId "470554"]
[EventDate "2011.07.25"]
[Source "TWIC 874"]

1. e4 c5 2. Nc3 a6 3. a4 Nc6 4. g3 g6 5. Bg2 Bg7 6. d3 d6 7. Nge2 e6 8. Be3 Nd4
9. Qd2 Ne7 10. Bxd4 cxd4 11. Nd1 d5 12. O-O O-O 13. exd5 Nxd5 14. c3 Qa5 15. Qc2
dxc3 16. Ndxc3 Nb4 17. Qd2 Rd8 18. d4 Nc6 19. Bxc6 bxc6 20. Qe3 Rb8 21. Rab1 Rb3
22. Rfd1 Qb6 23. Qg5 h6 24. Qc5 a5 25. Qe7 Ba6 26. Nf4 Rb8 27. Ne4 Qd8 28. Qxd8+
Rxd8 29. Nc5 Rb6 30. b4 Bxd4 31. Rd2 e5 32. Ng2 axb4 33. a5 Rb5 34. Nxa6 Rxa5
35. Nxb4 Rb5 36. Ne1 Rdb8 37. Nxc6 Rxb1 38. Nxb8 Rxb8 39. Nf3 Rb4 40. Nxd4 exd4
41. Kg2 Kg7 42. Kf3 f5 43. Ra2 Kf6 44. Ra6+ Kg5 45. h4+ Kh5 46. Rd6 g5 47. Rf6
Rb3+ 48. Ke2 Rb2+ 49. Kf3 Rb5 50. Rd6 Rb3+ 51. Ke2 Rb4 52. Rf6 f4 53. hxg5 fxg3
54. fxg3 hxg5 55. Kf3 Rb3+ 56. Ke4 d3 57. Ke3 Kg4 58. Rg6 Kf5 59. Rg8 Kg4 60.
Rg6 Kf5 61. Rg8 Kg4 62. Rg6 d2+ 63. Kxd2 Rb5 64. Ke3 Kxg3 65. Rg8 g4 66. Rg7
Re5+ 67. Kd4 Re8 68. Kd3 Kf3 69. Rf7+ Kg2 70. Rg7 g3 71. Kd2 Kf2 72. Rf7+ Kg1
73. Rf6 g2 74. Rf7 Rh8 75. Rg7 Kh2 0-1

[Event "98th ch-GBR"]
[Site "Sheffield ENG"]
[Date "2011.08.04"]
[Round "10.36"]
[White "Atako, Chino C"]
[Black "Hegarty, Sarah N."]
[Result "0-1"]
[BlackTitle "WFM"]
[WhiteElo "2110"]
[BlackElo "2065"]
[Plycount "86"]
[WhiteFideId "468649"]
[BlackFideId "2501465"]
[EventDate "2011.07.25"]
[Source "TWIC 874"]

1. e4 c5 2. Nf3 Nc6 3. d4 cxd4 4. Nxd4 g6 5. Nc3 Bg7 6. Be3 Nf6 7. Bc4 O-O 8.
Bb3 a5 9. O-O a4 10. Nxa4 Nxe4 11. Nb5 Ra6 12. f3 Nf6 13. Nac3 d6 14. Qd2 Bd7
15. Rad1 Na5 16. Rfe1 Nxb3 17. axb3 Ra5 18. Na3 Qc7 19. Nc4 Ra6 20. Bf2 Bc6 21.
Na3 Rc8 22. b4 Be8 23. Nab1 Ra1 24. b5 Qd8 25. Qe3 e6 26. Qd3 d5 27. Bd4 Bd7 28.
b3 Ra5 29. Qe3 Qe8 30. b6 Qf8 31. Qg5 h6 32. Qd2 Raa8 33. Ne2 Bc6 34. c4 dxc4
35. bxc4 Ba4 36. Rc1 Kh7 37. Nf4 Rd8 38. Qf2 Rxd4 39. Qxd4 Ng4 40. Qd2 Qc5+ 41.
Kf1 Rd8 42. fxg4 Rxd2 43. Nxd2 Qd4 0-1

[Event "e2e4 Int Masters D"]
[Site "Sunningdale ENG"]
[Date "2011.08.10"]
[Round "1"]
[White "Hegarty, Sarah N."]
[Black "McClement, Andrew"]
[Result "0-1"]
[WhiteTitle "WFM"]
[WhiteElo "2065"]
[BlackElo "2072"]
[Plycount "144"]
[WhiteFideId "2501465"]
[BlackFideId "2400480"]
[EventDate "2011.08.10"]
[Source "TWIC 875"]

1. e4 c5 2. Nf3 d6 3. d4 cxd4 4. Nxd4 Nf6 5. Nc3 e6 6. Be2 a6 7. O-O Be7 8. f4
Qc7 9. a4 b6 10. Be3 Bb7 11. Bf3 O-O 12. Kh1 Nc6 13. Nb3 Nb4 14. g4 d5 15. e5
Ne4 16. Bd4 Rfd8 17. Qe2 Nc6 18. Nd1 Nxd4 19. Nxd4 g5 20. Nf2 gxf4 21. Nd3 Rac8
22. c3 Bg5 23. Nf2 Qxe5 24. Rae1 Nxf2+ 25. Qxf2 Qf6 26. Re2 e5 27. Nf5 e4 28. h4
Bxh4 29. Qxh4 Qxh4+ 30. Nxh4 exf3 31. Re7 Bc6 32. Nf5 Re8 33. g5 Kf8 34. Ra7 Ra8
35. Rc7 Rec8 36. Re7 Re8 37. Rc7 Re5 38. Nd6 Be8 39. Rxf3 Rxg5 40. Rxf4 Rg7 41.
Nf5 Rg6 42. Rh4 Rf6 43. Rh5 Rd8 44. Kg2 Bd7 45. Ng3 d4 46. cxd4 Bc6+ 47. Kh3
Rxd4 48. Rc8+ Kg7 49. Rxc6 Rxc6 50. Nf5+ Kg6 51. Nxd4 Rc4 52. Rd5 Rxa4 53. Rd6+
Kg5 54. Nf3+ Kf4 55. Rf6+ Ke3 56. Ng5 Rb4 57. b3 Kd2 58. Rxf7 Rxb3+ 59. Kg2 a5
60. Rxh7 a4 61. Nf3+ Kc3 62. Rc7+ Kb2 63. Nd4 b5 64. Rc2+ Ka3 65. Rc5 Rb2+ 66.
Kf3 b4 67. Ke3 Ka2 68. Kd3 a3 69. Ne2 Rxe2 70. Kxe2 b3 71. Kd2 b2 72. Rc3 b1=Q 0-1

[Event "e2e4 Int Masters D"]
[Site "Sunningdale ENG"]
[Date "2011.08.11"]
[Round "2"]
[White "Williams, Simon K"]
[Black "Hegarty, Sarah N."]
[Result "1-0"]
[WhiteTitle "GM"]
[BlackTitle "WFM"]
[WhiteElo "2528"]
[BlackElo "2065"]
[Plycount "47"]
[WhiteFideId "404454"]
[BlackFideId "2501465"]
[EventDate "2011.08.10"]
[Source "TWIC 875"]

1. d4 Nf6 2. c4 g6 3. h4 Bg7 4. Nc3 d5 5. h5 gxh5 6. cxd5 Nxd5 7. Rxh5 Nb6 8.
Nf3 Bg4 9. Rg5 Bxf3 10. Rxg7 Bh5 11. Rg5 Bg6 12. e4 f6 13. Rg3 Nc6 14. d5 Ne5
15. f4 Ned7 16. a4 a6 17. a5 Nc8 18. Be2 Nd6 19. Bh5 Nf8 20. e5 Nf5 21. Rh3 Qd7
22. e6 Qd6 23. Bxg6+ Nxg6 24. Qh5 1-0

[Event "e2e4 Int Masters D"]
[Site "Sunningdale ENG"]
[Date "2011.08.12"]
[Round "5"]
[White "Hegarty, Sarah N."]
[Black "Straka, Jozef"]
[Result "0-1"]
[WhiteTitle "WFM"]
[BlackTitle "FM"]
[WhiteElo "2065"]
[BlackElo "2305"]
[Plycount "128"]
[WhiteFideId "2501465"]
[BlackFideId "14910560"]
[EventDate "2011.08.10"]
[Source "TWIC 875"]

1. e4 d6 2. d4 Nf6 3. Nc3 g6 4. f4 Bg7 5. Nf3 O-O 6. Be2 c6 7. O-O Qc7 8. e5 Nd5
9. Ne4 b5 10. Qe1 Bf5 11. Bd1 f6 12. exd6 exd6 13. Ng3 Bd7 14. f5 Re8 15. Qf2
Ne7 16. fxg6 hxg6 17. c3 Be6 18. Bc2 Nd7 19. Bd2 Nf8 20. Rae1 Bc4 21. Ne2 a5 22.
b3 Be6 23. Nh4 a4 24. Nf4 Bf7 25. bxa4 bxa4 26. Qg3 g5 27. Rxe7 Rxe7 28. Nf5 Bc4
29. Nxe7+ Qxe7 30. Nd3 Bxa2 31. h4 gxh4 32. Qxh4 Bc4 33. Rf3 a3 34. Nc1 a2 35.
Nxa2 Rxa2 36. Rg3 Rxc2 37. Bh6 Ne6 38. Qe4 Rb2 39. Rxg7+ Qxg7 40. Bxg7 Nxg7 41.
Qxc6 d5 42. Qxf6 Rb1+ 43. Kh2 Rf1 44. Qd8+ Rf8 45. Qg5 Rf5 46. Qd8+ Kh7 47. Qe7
Rh5+ 48. Kg1 Rh6 49. Qd7 Re6 50. Qd8 Kg6 51. Kh2 Rf6 52. Qg8 Rf5 53. Qd8 Rf6 54.
Qg8 Re6 55. Qd8 Re3 56. Qd6+ Ne6 57. Kg1 Kf6 58. Kf2 Rxc3 59. g4 Rc2+ 60. Kg3
Re2 61. Kh4 Re4 62. Kh5 Rxd4 63. g5+ Kf5 64. Qe7 Be2+ 0-1

[Event "e2e4 Int Masters D"]
[Site "Sunningdale ENG"]
[Date "2011.08.14"]
[Round "8"]
[White "Hegarty, Sarah N."]
[Black "Eggleston, David J"]
[Result "1/2-1/2"]
[WhiteTitle "WFM"]
[BlackTitle "FM"]
[WhiteElo "2065"]
[BlackElo "2318"]
[Plycount "135"]
[WhiteFideId "2501465"]
[BlackFideId "412120"]
[EventDate "2011.08.10"]
[Source "TWIC 875"]

1. e4 c5 2. Nf3 d6 3. d4 cxd4 4. Nxd4 Nf6 5. Nc3 a6 6. Bc4 e6 7. Bb3 Nbd7 8. f4
Nc5 9. O-O Be7 10. e5 dxe5 11. fxe5 Nfd7 12. Bf4 Nf8 13. Be3 Ng6 14. Qh5 Qc7 15.
Nf3 b5 16. Rae1 Bb7 17. Bg5 h6 18. Bxe7 Qxe7 19. Rf2 Rd8 20. Qg4 O-O 21. a3 Nxb3
22. cxb3 Rd3 23. b4 Rfd8 24. Ne4 Rd1 25. Re2 Qc7 26. Nc5 Bxf3 27. Qxf3 Rxe1+ 28.
Rxe1 Nxe5 29. Qg3 Rd5 30. Nxa6 Qb6+ 31. Nc5 Nd3 32. Rf1 Nxc5 33. bxc5 Qxc5+ 34.
Kh1 Kh7 35. h3 f5 36. Qb3 Re5 37. Qd1 Re3 38. Re1 Qd5 39. Kg1 Rd3 40. Qe2 Rd2
41. Qf3 Qd4+ 42. Kh2 Qd6+ 43. Qg3 Qxg3+ 44. Kxg3 Rxb2 45. Rxe6 Rb3+ 46. Kf4 Rxa3
47. Rb6 Rb3 48. Kxf5 Rg3 49. Kf4 Rg5 50. g4 Rc5 51. h4 h5 52. gxh5 Rxh5 53. Kg4
g6 54. Rb7+ Kh6 55. Rb6 Rc5 56. Rb7 Rc4+ 57. Kg3 b4 58. Kh3 Rc3+ 59. Kg4 Rb3 60.
Rb6 Rb1 61. Rb5 Kg7 62. Kg5 Rg1+ 63. Kf4 Rf1+ 64. Kg4 Rb1 65. Kg5 b3 66. Rb7+
Kf8 67. Kxg6 b2 68. Kh6 1/2-1/2

[Event "e2e4 Int Masters D"]
[Site "Sunningdale ENG"]
[Date "2011.08.14"]
[Round "9"]
[White "White, Michael J R"]
[Black "Hegarty, Sarah N."]
[Result "1-0"]
[WhiteTitle "FM"]
[BlackTitle "WFM"]
[WhiteElo "2241"]
[BlackElo "2065"]
[Plycount "93"]
[WhiteFideId "407380"]
[BlackFideId "2501465"]
[EventDate "2011.08.10"]
[Source "TWIC 875"]

1. e4 Nf6 2. e5 Nd5 3. d4 d6 4. c4 Nb6 5. exd6 cxd6 6. Nc3 g6 7. Be3 Bg7 8. Rc1
O-O 9. b3 f5 10. g3 e5 11. dxe5 dxe5 12. Qxd8 Rxd8 13. c5 N6d7 14. Bc4+ Kh8 15.
Nge2 Nc6 16. O-O e4 17. Rfd1 Nde5 18. Rxd8+ Nxd8 19. Rd1 Ndc6 20. Bd5 Bd7 21. a3
a5 22. Kg2 Nd3 23. Na4 Be8 24. Nb6 Rd8 25. Rb1 Rb8 26. Nf4 Nce5 27. b4 axb4 28.
axb4 Ng4 29. Nxd3 Nxe3+ 30. fxe3 exd3 31. Kf2 g5 32. Rb3 Bb5 33. Bc4 d2 34. Ke2
Rd8 35. Kd1 Be8 36. Be2 Bc6 37. Rd3 Rxd3 38. Bxd3 Bc3 39. b5 Bf3+ 40. Be2 g4 41.
Nc4 Bb4 42. c6 bxc6 43. b6 c5 44. Bxf3 gxf3 45. b7 f2 46. b8=Q+ Kg7 47. Qf4 1-0

[Event "FSFMB August"]
[Site "Budapest HUN"]
[Date "2011.08.08"]
[Round "3"]
[White "Hein, Jacob"]
[Black "Breen, Anthony"]
[Result "1-0"]
[WhiteElo "1557"]
[BlackElo "1663"]
[Plycount "71"]
[WhiteFideId "1402870"]
[BlackFideId "2503174"]
[EventDate "2011.08.06"]
[Source "TWIC 875"]

1. d4 d5 2. Nf3 e6 3. g3 Nf6 4. Bg2 Bd6 5. a3 b6 6. Nbd2 Bb7 7. b3 Nbd7 8. Bb2
c5 9. c3 Qe7 10. O-O O-O 11. Qc2 Ne4 12. c4 f5 13. Rae1 Rac8 14. Ne5 cxd4 15.
Nxd7 Qxd7 16. Bxd4 Nxd2 17. Qxd2 Ba6 18. cxd5 e5 19. Bb2 Qe7 20. Ra1 f4 21. Bh3
Rc7 22. Rfc1 fxg3 23. fxg3 Bc5+ 24. e3 Qg5 25. Re1 Rf3 26. d6 Rxe3 27. Qd5+ Kh8
28. Qa8+ Rc8 29. Bxc8 Rxe1+ 30. Kg2 Qd2+ 31. Kh3 Bf1+ 32. Kg4 h5+ 33. Kf5 Bh3+
34. Kg6 Qxd6+ 35. Be6+ Qf8 36. Qxf8+ 1-0

[Event "FSFMB August"]
[Site "Budapest HUN"]
[Date "2011.08.09"]
[Round "4"]
[White "Pogats, Jozsef Jr."]
[Black "Breen, Anthony"]
[Result "0-1"]
[WhiteElo "1879"]
[BlackElo "1663"]
[Plycount "60"]
[WhiteFideId "744450"]
[BlackFideId "2503174"]
[EventDate "2011.08.06"]
[Source "TWIC 875"]

1. Nf3 e6 2. g3 d5 3. d4 f5 4. Bg2 Nf6 5. O-O Bd6 6. b3 Qe7 7. Bb2 O-O 8. c4 c6
9. e3 Nbd7 10. Nc3 b6 11. Nd2 Bb7 12. f3 e5 13. dxe5 Nxe5 14. cxd5 cxd5 15. e4
Ba6 16. Ne2 Bc5+ 17. Kh1 Nd3 18. Bd4 fxe4 19. fxe4 Ng4 20. Qb1 Bxd4 21. Nxd4
Ndf2+ 22. Kg1 Bxf1 23. Nxf1 Qb4 24. Qb2 Nd3 25. Nc2 Qc5+ 26. Qd4 Qxc2 27. e5
Ngxe5 28. Bxd5+ Kh8 29. Bxa8 Rxa8 30. Ne3 Nf3+ 0-1